| 000 | 00395cam a2200169ua 4500 | ||
|---|---|---|---|
| 001 | 10413 | ||
| 008 | 190129n ii |||gr||||Z||||||eng | ||
| 040 | _cMAIN | ||
| 041 | _aeng | ||
| 082 | _a030 | ||
| 100 |
_aTarun Goyal, _eCompiler. |
||
| 245 | _aGeneral knowledge | ||
| 260 |
_aMeerut: _bDhankar publications, _c2018. |
||
| 300 | _a256p. | ||
| 653 | _aGeneral encyclopedic works | ||
| 942 | _cBK | ||
| 999 |
_c9401 _d9401 |
||